00667 a2200193 4500003000500000005001700005040000900022082001400031100002000045245005000065260002700115300001600142505009400158538002900252650003400281942001200315999001900327952012700346Nust20170207154117.0 cNust a621.38132 aT. K. Hemingway aCircuit Consultants casebookcT. K. Hemingway aLondonbTAB BOOKc1970 axiii: 210 p aPart One: Avoiding Design Faults (Page-3), Part Two: Meeting a Specification (Page-101), aAlmirah No.34 Shelf No.1 aTelecommunication engineering 2ddccBK c194125d194125 00102ddc4070aMCSbMCScGENd2016-12-12o621.38132,HEMpMCS5391r2016-12-08w2016-12-12yBKzAlmirah No. 88, Shelf No.5